000
00323nam a22001457a 4500
008
180814b xxu||||| |||| 00| 0 eng d
020
_a
0306402343
041
_a
eng
080
_a
159.9
082
_a
159.9
100
_a
48
101
_a
PSI
245
_a
Attention and cognitive develpment
_c
Hale.G.A
942
_2
udc
_c
BK
999
_c
47119
_d
47119